000 00513nam a22001457a 4500
008 161014b xxu||||| |||| 00| 0 eng d
020 _a9711111454
082 _22002
_aDFil 372.4
_bSa5
100 _916196
_aSantos, Natividad A.
245 _aTeaching reading:
_bsample integrated lessons in reading grade 3 - grade 6/
_cNatividad A. Santos
260 _aQuezon City:
_bJMC Press, Inc.,
_cc2002.
300 _aiii, 106 pages;
_c25 cm.
650 0 _916198
_aReading
_xStudy and teaching (Elementary)
942 _2ddc
_cDFIL
999 _c5218
_d5218